Quiz sur la planète Neptune - Statistiques

Statistiques générales
  • Ce quiz a été pris 71 fois
  • Le résultat moyen est 4 sur 10
Statistiques - réponses
Question Réponse % Correct
Quel est son rang dans le système solaire ? 8e
100%
Combien de fois est-elle plus grande que la Terre (diamètre) ? 4 fois
66%
Quelle est la plus grande lune de Neptune ? Triton
41%
Quel record établit t-elle parmi les planètes ? C'est la planète la plus éloignée du Soleil
36%
À quelle catégorie de planètes Neptune fait-elle partie ? Les géantes de glace
34%
À quelle vitesse maximum vont ses vents, les plus rapides du système solaire, en km/h ? 2 200 kmh
27%
Où se trouvait-elle, avant d'être capturée par son attraction gravitationnelle ? Dans la ceinture de Kuiper
23%
En quelle année a t-elle été découverte au télescope ? 1846
13%
Combien met de temps Neptune pour tourner autour du Soleil ? 165 ans
7%
Comment appelle t-on les satellites qui stabilisent les anneaux de Neptune tout comme ceux des autres planètes ? Les satellites bergers
4%
Aucun quiz correspondant
Distribution des résultats
% des personnes avec chaque résultat
Percentile par nombre de réponses
Votre historique - résultats
Vous n’avez pas pris ce quiz